[Event "CZE-ch (Women)"]
[Site "Bystrice nad Pernstejnem"]
[Date "2023.05.16"]
[Round "4.2"]
[White "Movsesian, Julia"]
[Black "Olsarova, Karolina"]
[Result "1-0"]
[WhiteElo "2239"]
[BlackElo "2260"]
[PlyCount "79"]
[EventDate "2023.05.09"]
[EventType "k.o."]
[EventRounds "4"]
[EventCountry "CZE"]
[SourceTitle "CBM 214 Extra"]
[Source "ChessBase"]
[SourceDate "2023.07.31"]
[SourceVersion "1"]
[SourceVersionDate "2023.07.31"]
[SourceQuality "1"]

1. e4 c6 2. d4 d5 3. e5 Bf5 4. h4 h5 5. Bd3 Bxd3 6. Qxd3 e6 7. Bg5 Qb6 8. Nd2 Ne7 9. Ne2 Nd7 10. c4 Nf5 11. 0-0 f6 12. exf6 gxf6 13. Bf4 Kf7 14. cxd5 cxd5 15. Nf3 Bd6 16. Qd2 Bb4 17. Qd3 Rag8 18. Rac1 Bd6 19. Bxd6 Qxd6 20. Qc3 Rg4 21. Qc7 Ke7 22. g3 Qa6 23. Nf4 Nd6 24. Qc2 Rhg8 25. Kh2 Ne4 26. Rfe1 Qd6 27. Qc7 e5 28. dxe5 fxe5 29. Nd3 Ke6 30. Qxb7 Rb8 31. Qxa7 Rf8 32. Qe3 Rf5 33. Qh6+ Ndf6 34. Kg2 Kf7 35. Rc6 Qe7 36. Rec1 Rg6 37. Ndxe5+ Rxe5 38. Nxe5+ Qxe5 39. Rc7+ Ke6 40. Qxg6 1-0

[Event "CZE-ch (Women)"]
[Site "Bystrice nad Pernstejnem"]
[Date "2023.05.13"]
[Round "3.1"]
[White "Movsesian, Julia"]
[Black "Richterova, Natasa"]
[Result "1-0"]
[WhiteElo "2239"]
[BlackElo "2191"]
[PlyCount "83"]
[EventDate "2023.05.09"]
[EventType "k.o."]
[EventRounds "4"]
[EventCountry "CZE"]
[SourceTitle "CBM 214 Extra"]
[Source "ChessBase"]
[SourceDate "2023.07.31"]
[SourceVersion "1"]
[SourceVersionDate "2023.07.31"]
[SourceQuality "1"]

1. e4 e5 2. Nf3 Nc6 3. Bb5 Nf6 4. d3 Bc5 5. Nc3 a6 6. Ba4 h6 7. a3 b5 8. Bb3 0-0 9. Nd5 Re8 10. c3 Rb8 11. Nxf6+ Qxf6 12. g4 Na5 13. Bd5 c6 14. g5 hxg5 15. Bxg5 Qg6 16. Ba2 Bf8 17. Rg1 Qh5 18. Be3 d6 19. Rg5 Qh3 20. Qe2 Be6 21. Rg3 Qh5 22. Rg5 Qh3 23. Ng1 Qh7 24. Bxe6 Rxe6 25. Rh5 Qg6 26. 0-0-0 f6 27. Nh3 Qe8 28. Qg4 Kf7 29. f4 Re7 30. Rf1 Rd7 31. fxe5 dxe5 32. Rxe5 Qxe5 33. Qxd7+ Qe7 34. Qf5 Ke8 35. Nf4 Nb7 36. Ne6 a5 37. Bf4 Nd6 38. Bxd6 Qxd6 39. e5 Qe7 40. exf6 gxf6 41. Nxf8 Kxf8 42. Qxf6+ 1-0

[Event "CZE-ch (Women)"]
[Site "Bystrice nad Pernstejnem"]
[Date "2023.05.12"]
[Round "2.2"]
[White "Dolezalova, Lada"]
[Black "Movsesian, Julia"]
[Result "0-1"]
[WhiteElo "1869"]
[BlackElo "2239"]
[PlyCount "46"]
[EventDate "2023.05.09"]
[EventType "k.o."]
[EventRounds "4"]
[EventCountry "CZE"]
[SourceTitle "CBM 214 Extra"]
[Source "ChessBase"]
[SourceDate "2023.07.31"]
[SourceVersion "1"]
[SourceVersionDate "2023.07.31"]
[SourceQuality "1"]

1. Nf3 Nf6 2. g3 d5 3. c4 d4 4. d3 Nc6 5. e3 e5 6. exd4 Nxd4 7. Bg2 Bb4+ 8. Nc3 0-0 9. 0-0 Bg4 10. Re1 Re8 11. a3 e4 12. dxe4 Bxc3 13. bxc3 Nxf3+ 14. Bxf3 Qxd1 15. Bxd1 Bxd1 16. Rxd1 Nxe4 17. Bb2 Rad8 18. Rxd8 Rxd8 19. Re1 Nd2 20. Re7 Nxc4 21. Bc1 Nb6 22. Re4 Rd1+ 23. Kg2 f5 0-1

[Event "BL 2223 (Women)"]
[Site "Germany"]
[Date "2023.04.30"]
[Round "10.4"]
[White "Movsesian, Julia"]
[Black "Roebers, Eline"]
[Result "0-1"]
[WhiteElo "2251"]
[BlackElo "2352"]
[PlyCount "112"]
[EventDate "2022.10.15"]
[EventType "team-tourn"]
[EventRounds "11"]
[EventCountry "GER"]
[SourceTitle "EXT 2024"]
[Source "ChessBase"]
[SourceDate "2023.10.10"]
[SourceVersion "1"]
[SourceVersionDate "2023.10.10"]
[SourceQuality "1"]
[WhiteTeam "Rodewisch (W)"]
[BlackTeam "Hamburger SK (W)"]
[WhiteTeamCountry "GER"]
[BlackTeamCountry "GER"]

1. e4 e6 2. d4 d5 3. Nd2 c5 4. exd5 Qxd5 5. Ngf3 cxd4 6. Bc4 Qd6 7. 0-0 Nf6 8. Nb3 Nc6 9. Nbxd4 Nxd4 10. Nxd4 Be7 11. Bb5+ Bd7 12. Bxd7+ Qxd7 13. c3 Nd5 14. Qf3 0-0 15. Rd1 Rfd8 16. Nf5 Qc7 17. Nxe7+ Qxe7 18. Be3 Rac8 19. Rd4 b5 20. Rad1 Rc6 21. a4 a6 22. axb5 axb5 23. Qe2 Qb7 24. Qh5 Rc4 25. Qe5 Qc6 26. Qg3 f6 27. R4d2 Ra8 28. h3 Rca4 29. Qf3 Ra1 30. Rxa1 Rxa1+ 31. Kh2 Ra2 32. Qg3 Kf7 33. Qf3 g6 34. Bd4 Qc7+ 35. g3 h5 36. Qe4 Ne7 37. Re2 Qc6 38. Qxc6 Nxc6 39. f4 Nxd4 40. cxd4 Ra4 41. Rd2 Rb4 42. Kg2 Ke7 43. g4 h4 44. f5 exf5 45. gxf5 g5 46. Kf3 Rb3+ 47. Ke4 Rxh3 48. Kd5 Kd7 49. b3 Rxb3 50. Ra2 Rc3 51. Ra6 b4 52. Rxf6 b3 53. Rf7+ Ke8 54. Rb7 h3 55. Ke6 Rc6+ 56. Kd5 h2 0-1

[Event "BL 2223 (Women)"]
[Site "Germany"]
[Date "2023.02.19"]
[Round "6.3"]
[White "Movsesian, Julia"]
[Black "Paehtz, Elisabeth"]
[Result "0-1"]
[WhiteElo "2251"]
[BlackElo "2469"]
[PlyCount "160"]
[EventDate "2022.10.15"]
[EventType "team-tourn"]
[EventRounds "11"]
[EventCountry "GER"]
[SourceTitle "CBM 213 Extra"]
[Source "ChessBase"]
[SourceDate "2023.05.31"]
[SourceVersion "1"]
[SourceVersionDate "2023.05.31"]
[SourceQuality "1"]
[WhiteTeam "Rodewisch (W)"]
[BlackTeam "Baden-Baden (W)"]
[WhiteTeamCountry "GER"]
[BlackTeamCountry "GER"]

1. e4 c5 2. Nf3 d6 3. d4 cxd4 4. Qxd4 Nf6 5. Be2 g6 6. 0-0 Bg7 7. h3 0-0 8. Qe3 Nbd7 9. c4 b6 10. Nc3 Bb7 11. Rd1 Nc5 12. e5 Nfe4 13. Nxe4 Nxe4 14. exd6 Nxd6 15. Qb3 Qc8 16. Bg5 Re8 17. Rac1 Qc6 18. Bf1 Ne4 19. Be3 Nc5 20. Qc2 a5 21. Nd4 Qf6 22. Nb5 Be4 23. Qd2 Rac8 24. Bd4 Qf5 25. Bxg7 Kxg7 26. b3 Qf6 27. Rc3 Bc6 28. Re3 Rcd8 29. Qe1 Bxb5 30. cxb5 e6 31. Rf3 Rxd1 32. Qxd1 Rd8 33. Qc1 Qd4 34. Rf4 Qe5 35. Rh4 h5 36. b4 axb4 37. Rxb4 Qf6 38. Rf4 Qe5 39. Rc4 Ra8 40. Rc2 Ra4 41. Rd2 Rb4 42. Qc2 Qe4 43. Re2 Qd4 44. a3 Ra4 45. Re3 Qd6 46. Qc1 Qd5 47. Be2 Rd4 48. Bf3 Qd6 49. Qc3 h4 50. Re1 e5 51. Bc6 f6 52. Ra1 Rd3 53. Qc4 Rd4 54. Qc2 Rd2 55. Qc4 e4 56. a4 Qe5 57. Re1 Rd4 58. Qe2 Rxa4 59. Qd2 Nd3 60. Rd1 Ra1 61. Rxa1 Qxa1+ 62. Kh2 Qd4 63. Kg1 f5 64. Qa2 Kf6 65. Be8 Kg5 66. Qd2+ Nf4 67. Qc1 Qc3 68. Qxc3 Ne2+ 69. Kf1 Nxc3 70. Ke1 Nd5 71. g3 hxg3 72. fxg3 Kf6 73. h4 Nc7 74. Bd7 Ke7 75. Bc6 Ne6 76. g4 Nd4 77. gxf5 gxf5 78. h5 e3 79. Kf1 Kf6 80. Kg2 Kg5 0-1

[Event "CZE-chT2B 2223"]
[Site "Czech Republic"]
[Date "2023.02.05"]
[Round "8.1"]
[White "Riha, Jaroslav1111"]
[Black "Movsesian, Julia"]
[Result "1-0"]
[WhiteElo "2110"]
[BlackElo "2257"]
[PlyCount "117"]
[EventDate "2022.10.16"]
[EventType "team-tourn"]
[EventRounds "11"]
[EventCountry "CZE"]
[SourceTitle "EXT 2024"]
[Source "ChessBase"]
[SourceDate "2023.10.10"]
[SourceVersion "1"]
[SourceVersionDate "2023.10.10"]
[SourceQuality "1"]
[WhiteTeam "Litomerice III"]
[BlackTeam "Aurora"]
[WhiteTeamCountry "CZE"]
[BlackTeamCountry "CZE"]

1. c4 e5 2. g3 Nc6 3. Bg2 Nf6 4. Nf3 Bc5 5. 0-0 d6 6. Nc3 a6 7. d3 h6 8. a3 0-0 9. b4 Ba7 10. Bb2 Be6 11. Rc1 Qd7 12. Ne4 Nh5 13. Ned2 Rae8 14. c5 Bg4 15. Qc2 d5 16. e4 d4 17. Rce1 Nd8 18. Nc4 f6 19. Nh4 Kh7 20. Bc1 Nf7 21. Nf5 g6 22. f3 gxf5 23. fxg4 fxg4 24. Rf5 Ng5 25. Ref1 Ng7 26. Rxf6 Nf3+ 27. R1xf3 gxf3 28. Rxh6+ Kg8 29. Bh3 f2+ 30. Kf1 Qf7 31. Qb3 b6 32. Bg5 bxc5 33. Rf6 Qh5 34. Nxe5+ Kh7 35. Rh6+ Qxh6 36. Bxh6 Kxh6 37. Ng4+ Kh7 38. Nxf2 cxb4 39. axb4 c5 40. bxc5 Bxc5 41. Qd5 Bb4 42. Bf5+ Kh8 43. Bg6 Re6 44. Qg5 Rxg6 45. Qxg6 a5 46. h4 a4 47. h5 a3 48. h6 Ne8 49. Kg2 Be1 50. Nh1 Bd2 51. Qa6 Kh7 52. Qxa3 Bxh6 53. Qc5 Bg7 54. Nf2 Nf6 55. Qf5+ Kh8 56. Nh3 Rb8 57. Ng5 Rb2+ 58. Kh3 Rb1 59. e5 1-0

[Event "CRO-chT (Women) 30th"]
[Site "Porec"]
[Date "2022.09.30"]
[Round "8.4"]
[White "Movsesian, Julia"]
[Black "Cyfka, Karina"]
[Result "1/2-1/2"]
[WhiteElo "2300"]
[BlackElo "2352"]
[PlyCount "25"]
[EventDate "2022.09.24"]
[EventType "team-tourn"]
[EventRounds "9"]
[EventCountry "CRO"]
[SourceTitle "CBM 210 Extra"]
[Source "ChessBase"]
[SourceDate "2022.11.30"]
[SourceVersion "1"]
[SourceVersionDate "2022.11.30"]
[SourceQuality "1"]
[WhiteTeam "Zagreb Mladost (W)"]
[BlackTeam "Strizivojna Amater (W)"]
[WhiteTeamCountry "CRO"]
[BlackTeamCountry "CRO"]

1. e4 e5 2. Nf3 Nc6 3. Bb5 a6 4. Ba4 Nf6 5. d3 b5 6. Bb3 Be7 7. 0-0 d6 8. a3 0-0 9. Nc3 Na5 10. Ba2 Be6 11. b4 Bxa2 12. Nxa2 Nc6 13. Nc3 1/2-1/2

[Event "CRO-chT (Women) 30th"]
[Site "Porec"]
[Date "2022.09.26"]
[Round "4.3"]
[White "Kejzar, Petra"]
[Black "Movsesian, Julia"]
[Result "1/2-1/2"]
[WhiteElo "2120"]
[BlackElo "2300"]
[PlyCount "28"]
[EventDate "2022.09.24"]
[EventType "team-tourn"]
[EventRounds "9"]
[EventCountry "CRO"]
[SourceTitle "CBM 210 Extra"]
[Source "ChessBase"]
[SourceDate "2022.11.30"]
[SourceVersion "1"]
[SourceVersionDate "2022.11.30"]
[SourceQuality "1"]
[WhiteTeam "Velimirovac Radnik (W)"]
[BlackTeam "Zagreb Mladost (W)"]
[WhiteTeamCountry "CRO"]
[BlackTeamCountry "CRO"]

1. d4 d5 2. c4 e6 3. g3 dxc4 4. Bg2 c5 5. Nf3 Nc6 6. 0-0 Nf6 7. Qa4 Bd7 8. Qxc4 cxd4 9. Nxd4 Rc8 10. Nc3 Qa5 11. Nxc6 Bxc6 12. Rd1 Be7 13. Bxc6+ Rxc6 14. Qb5 Qxb5 1/2-1/2

[Event "EU-ch (Women) 22nd"]
[Site "Prague"]
[Date "2022.08.22"]
[Round "3"]
[White "Stefanova, Antoaneta"]
[Black "Movsesian, Julia"]
[Result "1-0"]
[WhiteElo "2472"]
[BlackElo "2291"]
[PlyCount "91"]
[EventDate "2022.08.20"]
[EventType "swiss"]
[EventRounds "11"]
[EventCountry "CZE"]
[SourceTitle "CBM 209 Extra"]
[Source "ChessBase"]
[SourceDate "2022.09.30"]
[SourceVersion "1"]
[SourceVersionDate "2022.09.30"]
[SourceQuality "1"]

1. Nf3 c5 2. b3 Nc6 3. Bb2 e6 4. c4 Nf6 5. e3 a6 6. Be2 d5 7. cxd5 exd5 8. d4 cxd4 9. Nxd4 Bb4+ 10. Kf1 0-0 11. h4 Qe7 12. g3 Ne5 13. a3 Bd6 14. Nc3 Bd7 15. h5 h6 16. Rh4 Rac8 17. Rf4 Rfd8 18. Nf5 Bxf5 19. Rxf5 Qe6 20. g4 Bb8 21. Rc1 b5 22. Na2 Ne4 23. Qd4 f6 24. Rxc8 Qxc8 25. Nb4 Qb7 26. Kg1 Ng5 27. Nd3 Nxd3 28. Qxd3 d4 29. exd4 Qc7 30. f4 Ne6 31. Qc3 Qd6 32. Bf3 Nxf4 33. Kf1 Ba7 34. Qe3 Bxd4 35. Bxd4 Qxd4 36. Qxf4 Qa1+ 37. Kg2 Qxa3 38. Qe3 Qb2+ 39. Kh3 Qb1 40. Rd5 Rf8 41. Rd7 Kh8 42. Qd3 Qe1 43. Rd8 Rxd8 44. Qxd8+ Kh7 45. Qd3+ Kg8 46. Be4 1-0

[Event "EU-ch (Women) 22nd"]
[Site "Prague"]
[Date "2022.08.20"]
[Round "1"]
[White "Sochorova, Petra"]
[Black "Movsesian, Julia"]
[Result "1/2-1/2"]
[WhiteElo "2019"]
[BlackElo "2291"]
[PlyCount "138"]
[EventDate "2022.08.20"]
[EventType "swiss"]
[EventRounds "11"]
[EventCountry "CZE"]
[SourceTitle "CBM 209 Extra"]
[Source "ChessBase"]
[SourceDate "2022.09.30"]
[SourceVersion "1"]
[SourceVersionDate "2022.09.30"]
[SourceQuality "1"]

1. e4 e5 2. Nf3 Nc6 3. d4 exd4 4. Nxd4 Nf6 5. Nxc6 bxc6 6. Bd3 d5 7. exd5 cxd5 8. 0-0 Be7 9. c4 0-0 10. cxd5 Nxd5 11. Be4 Be6 12. Re1 Rb8 13. Nd2 Nf6 14. Bf3 Bb4 15. a3 Bb3 16. Qxb3 Bxd2 17. Qxb8 Qxb8 18. Bxd2 Qxb2 19. Bf4 Re8 20. Reb1 Qd4 21. Bxc7 Ne4 22. Bxe4 Qxe4 23. Rd1 h5 24. h3 Re6 25. Rab1 Rg6 26. g3 Rc6 27. Bf4 Qf3 28. Bd6 Rc2 29. Rf1 h4 30. gxh4 Qxh3 31. Rb4 Qd3 32. Be7 Re2 33. Bc5 Re6 34. Rg4 Qf5 35. Rg5 Qf4 36. Be3 Qxh4 37. Rg2 Qe7 38. Bd4 Rg6 39. Rxg6 fxg6 40. Rb1 Kh7 41. Rb3 Qd7 42. Rd3 g5 43. Kf1 Kg6 44. Ke2 Qb7 45. Be3 Kf5 46. Bd2 Qb5 47. Bc3 g4 48. Kd2 Qb7 49. Bd4 a6 50. Re3 Qd7 51. Rd3 g6 52. Bc3 Qf7 53. Bb4 Qc4 54. Rc3 Qd4+ 55. Ke2 Kf4 56. Re3 Qc4+ 57. Ke1 Qc1+ 58. Ke2 Qc2+ 59. Ke1 Kf5 60. Bd2 Qc4 61. Bb4 Qc1+ 62. Ke2 Qc6 63. Ke1 Qb5 64. Bc3 a5 65. Bd2 Qc5 66. Ke2 Qd5 67. Ke1 Qb5 68. Bc3 Qc5 69. Bd2 Qd5 1/2-1/2

[Event "Olympiad Women-44"]
[Site "Chennai"]
[Date "2022.08.06"]
[Round "8.1"]
[White "Tokhirjonova, Gulruhbegim"]
[Black "Movsesian, Julia"]
[Result "1/2-1/2"]
[WhiteElo "2329"]
[BlackElo "2291"]
[PlyCount "56"]
[EventDate "2022.07.29"]
[EventType "team-swiss"]
[EventRounds "11"]
[EventCountry "IND"]
[SourceTitle "CBM 210"]
[Source "ChessBase"]
[SourceDate "2022.10.31"]
[SourceVersion "1"]
[SourceVersionDate "2022.10.31"]
[SourceQuality "1"]
[WhiteTeam "United States (W)"]
[BlackTeam "Czech Republic (W)"]
[WhiteTeamCountry "USA"]
[BlackTeamCountry "CZE"]

1. e4 e5 2. Nf3 Nc6 3. Bb5 a6 4. Ba4 Nf6 5. Nc3 b5 6. Bb3 Be7 7. d3 0-0 8. 0-0 d6 9. a3 Bg4 10. Be3 Nd4 11. Bxd4 exd4 12. Ne2 Bxf3 13. gxf3 Nh5 14. Bd5 c6 15. Bxc6 Rc8 16. Bd5 Bg5 17. f4 Nxf4 18. Nxf4 Bxf4 19. Qg4 Qf6 20. Bb3 Rc5 21. h4 Re8 22. Kg2 h5 23. Qh3 Rec8 24. Rh1 Qg6+ 25. Kf1 Qf6 26. Kg2 Qg6+ 27. Kf1 Qf6 28. Kg2 Qg6+ 1/2-1/2

[Event "Olympiad Women-44"]
[Site "Chennai"]
[Date "2022.07.31"]
[Round "3.1"]
[White "Movsesian, Julia"]
[Black "Dzagnidze, Nana"]
[Result "1/2-1/2"]
[WhiteElo "2291"]
[BlackElo "2531"]
[PlyCount "53"]
[EventDate "2022.07.29"]
[EventType "team-swiss"]
[EventRounds "11"]
[EventCountry "IND"]
[SourceTitle "CBM 210"]
[Source "ChessBase"]
[SourceDate "2022.10.31"]
[SourceVersion "1"]
[SourceVersionDate "2022.10.31"]
[SourceQuality "1"]
[WhiteTeam "Czech Republic (W)"]
[BlackTeam "Georgia (W)"]
[WhiteTeamCountry "CZE"]
[BlackTeamCountry "GEO"]

1. e4 c5 2. Nc3 Nc6 3. Bb5 g6 4. Bxc6 dxc6 5. d3 Bg7 6. Be3 b6 7. Qd2 e5 8. f4 Nf6 9. fxe5 Ng4 10. Bg5 Qc7 11. Nf3 Be6 12. 0-0 h6 13. Bf4 0-0-0 14. a4 a5 15. Ne2 Kb7 16. b3 Nxe5 17. Nxe5 Bxe5 18. Rae1 Rde8 19. Rf2 f5 20. Bxe5 Qxe5 21. Ng3 Bd7 22. Ref1 fxe4 23. Nxe4 Bf5 24. Ng3 Bd7 25. Ne4 Bf5 26. Ng3 Bd7 27. Ne4 1/2-1/2

[Event "Olympiad Women-44"]
[Site "Chennai"]
[Date "2022.07.30"]
[Round "2.1"]
[White "Movsesian, Julia"]
[Black "Mezioud, Amina"]
[Result "1-0"]
[WhiteElo "2291"]
[BlackElo "2024"]
[PlyCount "63"]
[EventDate "2022.07.29"]
[EventType "team-swiss"]
[EventRounds "11"]
[EventCountry "IND"]
[SourceTitle "CBM 210"]
[Source "ChessBase"]
[SourceDate "2022.10.31"]
[SourceVersion "1"]
[SourceVersionDate "2022.10.31"]
[SourceQuality "1"]
[WhiteTeam "Czech Republic (W)"]
[BlackTeam "Algeria (W)"]
[WhiteTeamCountry "CZE"]
[BlackTeamCountry "ALG"]

1. e4 c5 2. Nc3 e6 3. Nge2 a6 4. g3 b5 5. Bg2 Bb7 6. d4 c4 7. 0-0 d6 8. Re1 Nd7 9. Nf4 b4 10. Na4 Qa5 11. b3 Qc7 12. bxc4 Qxc4 13. Nb2 Qc7 14. Nbd3 Ngf6 15. a3 bxa3 16. Bxa3 g5 17. Nh5 h6 18. Rb1 Nxh5 19. Qxh5 e5 20. Bh3 Bc8 21. Qf3 Bg7 22. Nb4 Nb6 23. Bxc8 Qxc8 24. Nd5 Nc4 25. Nb6 Nxb6 26. Rxb6 Rb8 27. Rxd6 exd4 28. Rd5 Qxc2 29. Qf5 Qc8 30. Re5+ Bxe5 31. Qxe5+ Kd7 32. Qd6+ 1-0